| 000 | 00333nam a22001337a 4500 | ||
|---|---|---|---|
| 082 | _a947.0842 CAR | ||
| 100 | _aCarr, E. H | ||
| 245 | _aThe bolshevik revolution 1917-1923 | ||
| 260 |
_aAustralia _bPenguin books |
||
| 300 |
_a448p. _bill., 18cm |
||
| 500 | _ainclude index | ||
| 650 | _athe foundations of bolshevism | ||
| 942 | _cBK | ||
| 999 |
_c18401 _d18401 |
||